00841nam a22001817a 4500003000200000005001700002008004100019050002400060100003500084245010700119260007100226300006400297500005100361504005600412650006800468650004900536650007400585020250212123011.0250212b xxu||||| |||| 00| 0 eng d aG 70.212b.R66 2024 aRomanillos, Hanz Andrei Leo R. aCommunity-based foot traffic, business review and social navigation appcHanz Andrei Leo R. Romanillos aLas Pinas CitybSouthville International School and Collegesc2024 axiii, 121 pages:bcolored pictures and illustration;c28cm. aBachelor of Science in Information Technology. aIncludes bibliographical references and appendices. aMobile applications—Business review -- Foot traffic analysis. aSocial navigation—Community-based mapping. aGeographic Information Systems (GIS)—Foot traffic -- Business data.